Loreto College Library, Kolkata
WEBOPAC (ONLINE PUBLIC ACCESS CATALOGUE)

Fuels and energy (Record no. 33406)

MARC details
000 -LEADER
fixed length control field 00569nam a2200217Ia 4500
008 - FIXED-LENGTH DATA ELEMENTS--GENERAL INFORMATION
fixed length control field 131103s9999 xx 000 0 und d
020 ## - ISBN | অাই এস বি এন
ISBN | অাই এস বি এন 035611175x
040 ## - CATALOGING SOURCE
Original cataloging agency Loreto College
041 ## - LANGUAGE CODE
Language code English
082 ## - DDC | ডিউই
Classification number | বর্গসংখ্যা REF/KIN
Book Number | গ্রন্থাঙ্ক LCBED/9780
100 ## - MAIN ENTRY--PERSONAL NAME | মুখ্য সংলেখ - ব্যাক্তিনাম
Personal name | ব্যাক্তিনাম Kincaid, Doug
245 ## - TITLE STATEMENT | অাখ্যা বিবরণী
Title | অাখ্যা Fuels and energy
Statement of responsibility | লেখকের দায়িত্বের বিবরণ Doug Kincaid & Peter Coles
260 ## - IMPRINT | প্রকাশনা ক্ষেত্র
Place of publication | প্রকাশ স্থান London
Name of publisher | প্রকাশকের নাম Macdonald Educational
Date of publication | প্রকাশ কাল [19?]
300 ## - PHYSICAL DESCRIPTION |
Page / Vol. No | পৃষ্ঠা / খন্ড সংখ্যা 31p.
Other physical details | অনান্য বাহ্যিক বিবরণ pic.
440 ## - SERIES STATEMENT |গ্রন্থমালা
Series Title | গ্রন্থমালা অাখ্যা My first library
504 ## - BIBLIOGRAPHY, ETC. NOTE
Bibliography, etc Includes index
650 ## - SUBJECT ADDED ENTRY--TOPICAL TERM | বিষয় শিরোনাম - মূল বিষয়
Topical term | মূল বিষয় REF
700 ## - ADDED ENTRY--PERSONAL NAME | অতিরিক্ত সংলেখ - ব্
Personal name | ব্যাক্তিনাম Coles, Peter
850 ## - HOLDING INSTITUTION
Holding institution LCBED/REF/KIN
942 ## - ADDED ENTRY ELEMENTS (KOHA)
Koha item type Books
Holdings
Withdrawn status Lost status Damaged status Not for loan Home library Current library Date acquired Total Checkouts Full call number Accession No. Date last seen Price effective from Koha item type
        Loreto College Loreto College 04/11/2013   REF/KIN LCBED/9780 B36264 04/11/2013 04/11/2013 Books